Kúpiť hotové a (ne)riskovať

Podstata franšízingového podnikania. Franšízingový koncept s humorným a recesistickým názvom Štrbské Presso. Čo zahŕňa franšízing. Vzťah franšízor a franšízant. Viac ako 120 franšízingových konceptov s dominanciou zahraničných značiek na Slovensku. Slovenská franšízingová asociácia. Franšízing: preč...

Descrizione completa

Salvato in:
Dettagli Bibliografici
Autore principale: Žuffa, Radovan
Natura: Capitolo di libro
Lingua:slovacco
Soggetti:
Tags: Aggiungi Tag
Nessun Tag, puoi essere il primo ad aggiungerne!!

MARC

LEADER 00000naa a2200000 4500
001 0204778
005 20231113083424.3
041 0 |a slo 
044 |a SK 
245 1 0 |a Kúpiť hotové a (ne)riskovať  |c Radovan Žuffa 
520 |a Podstata franšízingového podnikania. Franšízingový koncept s humorným a recesistickým názvom Štrbské Presso. Čo zahŕňa franšízing. Vzťah franšízor a franšízant. Viac ako 120 franšízingových konceptov s dominanciou zahraničných značiek na Slovensku. Slovenská franšízingová asociácia. Franšízing: prečo áno, prečo nie. 
610 2 0 |a podnikanie 
610 2 0 |a podnikatelia 
610 2 0 |a franšíza 
610 2 0 |a obchod 
610 2 0 |a gastronómia 
610 2 0 |a služby 
100 1 |a Žuffa, Radovan